[Event "Panchenko Memorial-B 2020"]
[Site "Chelyabinsk"]
[Date "2020.09.08"]
[Round "2.4"]
[White "Chigaeva, Anastasia"]
[Black "Garifullina, Leya"]
[Result "0-1"]
[WhiteElo "2175"]
[BlackElo "2357"]
[Annotator "ChessBase"]
[PlyCount "130"]
[EventDate "2020.09.07"]
[EventType "swiss"]
[EventCountry "RUS"]
[SourceTitle "playchess.com"]
[Source "ChessBase"]
[SourceQuality "1"]
[TimeControl "5400+30"]

1. d4 {[%emt 0:00:00]} Nf6 {[%emt 0:00:00]} 2. c4 {[%emt 0:00:00]} e6 {[%emt 0:00:00]} 3. Nf3 {[%emt 0:00:00]} b6 {[%emt 0:00:01]} 4. g3 {[%emt 0:00:30]} Ba6 {[%emt 0:00:11]} 5. Qa4 {[%emt 0:01:48]} Bb7 {[%emt 0:00:48]} 6. Bg2 {[%emt 0:00:40]} Be7 {[%emt 0:00:10]} 7. O-O {[%emt 0:00:53]} O-O {[%emt 0:00:07]} 8. Nc3 {[%emt 0:01:10]} Ne4 {[%emt 0:00:08]} 9. Qc2 {[%emt 0:21:43]} Nxc3 {[%emt 0:00:54]} 10. Qxc3 {[%emt 0:01:24]} c5 {[%emt 0:00:27]} 11. dxc5 {[%emt 0:06:02]} bxc5 {[%emt 0:00:08]} 12. Rd1 {[%emt 0:02:55]} d6 {[%emt 0:01:41]} 13. Bf4 {[%emt 0:04:26]} Qc7 {[%emt 0:02:02]} 14. Qc2 {[%emt 0:04:32]} h6 {[%emt 0:07:20]} 15. e4 {[%emt 0:02:59]} Nc6 {[%emt 0:00:17]} 16. a3 {[%emt 0:04:22]} a5 {[%emt 0:03:24]} 17. b3 {[%emt 0:09:04]} a4 {[%emt 0:06:27]} 18. bxa4 {[%emt 0:10:09]} e5 {[%emt 0:04:40]} 19. Bd2 {[%emt 0:03:07]} Ra7 {[%emt 0:01:08]} 20. Rab1 {[%emt 0:03:01]} Rfa8 {[%emt 0:03:25]} 21. Qb3 {[%emt 0:03:14]} Bc8 {[%emt 0:02:11]} 22. a5 {[%emt 0:09:50]} Nxa5 {[%emt 0:00:46]} 23. Bxa5 {[%emt 0:00:08]} Rxa5 {[%emt 0:00:07]} 24. Rd3 {[%emt 0:01:00]} Qa7 {[%emt 0:00:46]} 25. Ne1 {[%emt 0:01:18]} Be6 {[%emt 0:00:35]} 26. Nc2 {[%emt 0:01:18]} Ra4 {[%emt 0:00:54]} 27. Rc3 {[%emt 0:01:49]} Qa6 {[%emt 0:04:00]} 28. Qb7 {[%emt 0:02:32]} Qa5 {[%emt 0:03:17]} 29. Qb3 {[%emt 0:03:17]} Kh7 {[%emt 0:01:45]} 30. h4 {[%emt 0:00:58]} Bd8 {[%emt 0:01:00]} 31. Ne3 {[%emt 0:00:26]} Rxa3 {[%emt 0:01:26]} 32. Qxa3 {[%emt 0:00:10]} Qxa3 {[%emt 0:00:03]} 33. Rxa3 {[%emt 0:00:05]} Rxa3 {[%emt 0:00:02]} 34. Rb8 {[%emt 0:00:29]} Ba5 {[%emt 0:00:57]} 35. Ra8 {[%emt 0:00:32]} Ra1+ {[%emt 0:00:55]} 36. Kh2 {[%emt 0:01:10]} Bc3 {[%emt 0:00:14]} 37. Rxa1 {[%emt 0:00:11]} Bxa1 {[%emt 0:00:02]} 38. Nd5 {[%emt 0:01:11]} Bxd5 {[%emt 0:00:20]} 39. exd5 {[%emt 0:00:28]} f5 {[%emt 0:00:19]} 40. h5 {[%emt 0:00:31]} g6 {[%emt 0:00:20]} 41. hxg6+ {[%emt 0:00:32]} Kxg6 {[%emt 0:00:04]} 42. Bf1 {[%emt 0:00:27]} Kg5 {[%emt 0:00:41]} 43. Kg2 {[%emt 0:00:29]} h5 {[%emt 0:00:55]} 44. Kf3 {[%emt 0:00:28]} Bd4 {[%emt 0:00:47]} 45. Bh3 {[%emt 0:00:35]} e4+ {[%emt 0:00:18]} 46. Kg2 {[%emt 0:00:35]} f4 {[%emt 0:00:05]} 47. gxf4+ {[%emt 0:00:11]} Kxf4 {[%emt 0:00:04]} 48. Bd7 {[%emt 0:00:12]} Bf6 {[%emt 0:00:13]} 49. Be8 {[%emt 0:00:42]} h4 {[%emt 0:00:08]} 50. Bd7 {[%emt 0:00:40]} Ke5 {[%emt 0:00:06]} 51. Bg4 {[%emt 0:00:41]} Kd4 {[%emt 0:00:08]} 52. Be2 {[%emt 0:00:06]} Kc3 {[%emt 0:00:04]} 53. Bf1 {[%emt 0:00:55]} Bd4 {[%emt 0:00:14]} 54. Be2 {[%emt 0:00:30]} Kd2 {[%emt 0:00:05]} 55. Bg4 {[%emt 0:00:28]} Kd3 {[%emt 0:00:19]} 56. Bf5 {[%emt 0:00:14]} Kxc4 {[%emt 0:00:05]} 57. Bxe4 {[%emt 0:00:05]} Bf6 {[%emt 0:00:07]} 58. Kf1 {[%emt 0:01:05]} Kd4 {[%emt 0:00:42]} 59. Bg2 {[%emt 0:00:17]} Kc3 {[%emt 0:00:07]} 60. Ke1 {[%emt 0:00:18]} c4 {[%emt 0:00:10]} 61. Bf1 {[%emt 0:01:02]} Kb3 {[%emt 0:00:15]} 62. Kd1 {[%emt 0:00:34]} c3 {[%emt 0:00:23]} 63. Bd3 {[%emt 0:00:02]} Kb2 {[%emt 0:00:13]} 64. f4 {[%emt 0:00:37]} h3 {[%emt 0:00:06]} 65. Be4 {[%emt 0:00:03]} h2 {[%emt 0:00:03]} 0-1

[Event "Panchenko Memorial-B 2020"]
[Site "Chelyabinsk"]
[Date "2020.09.08"]
[Round "2.5"]
[White "Tomilova, Elena"]
[Black "Petrukhina, Olga"]
[Result "1-0"]
[WhiteElo "2353"]
[BlackElo "2134"]
[Annotator "ChessBase"]
[PlyCount "107"]
[EventDate "2020.09.07"]
[EventType "swiss"]
[EventCountry "RUS"]
[SourceTitle "playchess.com"]
[Source "ChessBase"]
[SourceQuality "1"]
[TimeControl "5400+30"]

1. d4 {[%emt 0:00:00]} d5 {[%emt 0:00:00]} 2. c4 {[%emt 0:00:00]} e6 {[%emt 0:00:00]} 3. Nc3 {[%emt 0:00:00]} Be7 {[%emt 0:00:00]} 4. Nf3 {[%emt 0:00:00]} Nf6 {[%emt 0:00:00]} 5. Bf4 {[%emt 0:00:02]} O-O {[%emt 0:00:00]} 6. e3 {[%emt 0:00:06]} Nbd7 {[%emt 0:00:26]} 7. c5 {[%emt 0:00:23]} Nh5 {[%emt 0:01:51]} 8. Bd3 {[%emt 0:00:40]} Nxf4 {[%emt 0:02:21]} 9. exf4 {[%emt 0:00:06]} c6 {[%emt 0:05:16]} 10. O-O {[%emt 0:01:13]} b6 {[%emt 0:00:20]} 11. b4 {[%emt 0:00:16]} a5 {[%emt 0:00:27]} 12. a3 {[%emt 0:00:23]} Ba6 {[%emt 0:01:55]} 13. g3 {[%emt 0:03:01]} Bf6 {[%emt 0:10:16]} 14. Bxa6 {[%emt 0:02:00]} Rxa6 {[%emt 0:00:02]} 15. Qd3 {[%emt 0:02:14]} Qa8 {[%emt 0:19:25]} 16. Rab1 {[%emt 0:06:42]} axb4 {[%emt 0:02:09]} 17. axb4 {[%emt 0:00:06]} Ra3 {[%emt 0:01:27]} 18. Rfc1 {[%emt 0:01:22]} g6 {[%emt 0:08:14]} 19. Ne5 {[%emt 0:10:21]} Bxe5 {[%emt 0:02:44]} 20. fxe5 {[%emt 0:00:09]} bxc5 {[%emt 0:10:46]} 21. bxc5 {[%emt 0:01:43]} Rb8 {[%emt 0:02:11]} 22. Qc2 {[%emt 0:04:48]} Rxb1 {[%emt 0:03:11]} 23. Qxb1 {[%emt 0:00:21]} Qa5 {[%emt 0:02:05]} 24. Qb2 {[%emt 0:01:10]} h5 {[%emt 0:01:39]} 25. h4 {[%emt 0:00:59]} Kg7 {[%emt 0:01:07]} 26. Kg2 {[%emt 0:01:13]} Kg8 {[%emt 0:04:06]} 27. Nb1 {[%emt 0:04:52]} Ra1 {[%emt 0:10:10]} 28. Rc2 {[%emt 0:02:17]} Qa6 {[%emt 0:01:21]} 29. Rc3 {[%emt 0:01:24]} Ra2 {[%emt 0:02:59]} 30. Qb3 {[%emt 0:02:28]} Ra4 {[%emt 0:06:40]} 31. Rd3 {[%emt 0:06:19]} Rb4 {[%emt 0:00:12]} 32. Qxb4 {[%emt 0:06:19]} Qxd3 {[%emt 0:00:01]} 33. Nc3 {[%emt 0:00:19]} Nf8 {[%emt 0:01:25]} 34. Na4 {[%emt 0:05:55]} Qe4+ {[%emt 0:00:05]} 35. Kg1 {[%emt 0:01:32]} Qg4 {[%emt 0:00:44]} 36. Qd2 {[%emt 0:05:09]} Nh7 {[%emt 0:00:21]} 37. Nc3 {[%emt 0:02:43]} g5 {[%emt 0:00:23]} 38. Qd1 {[%emt 0:00:14]} gxh4 {[%emt 0:02:04]} 39. Qxg4+ {[%emt 0:00:06]} hxg4 {[%emt 0:00:02]} 40. gxh4 {[%emt 0:00:07]} f6 {[%emt 0:00:50]} 41. exf6 {[%emt 0:04:02]} Nxf6 {[%emt 0:00:43]} 42. Kg2 {[%emt 0:00:43]} Nd7 {[%emt 0:00:31]} 43. Na4 {[%emt 0:00:44]} e5 {[%emt 0:00:09]} 44. Nb6 {[%emt 0:01:21]} Nf6 {[%emt 0:00:45]} 45. dxe5 {[%emt 0:00:41]} Ne4 {[%emt 0:00:01]} 46. Nxd5 {[%emt 0:02:37]} Nxc5 {[%emt 0:01:02]} 47. Ne7+ {[%emt 0:03:46]} Kf7 {[%emt 0:00:01]} 48. Nxc6 {[%emt 0:00:04]} Ke6 {[%emt 0:00:31]} 49. h5 {[%emt 0:03:19]} Kf5 {[%emt 0:00:16]} 50. h6 {[%emt 0:00:14]} Kg6 {[%emt 0:00:25]} 51. Nd8 {[%emt 0:00:57]} Kxh6 {[%emt 0:01:04]} 52. e6 {[%emt 0:00:05]} Ne4 {[%emt 0:00:13]} 53. e7 {[%emt 0:00:17]} Nf6 {[%emt 0:00:01]} 54. Nf7+ {[%emt 0:00:18]} 1-0

[Event "Panchenko Memorial-B 2020"]
[Site "Chelyabinsk"]
[Date "2020.09.09"]
[Round "3.1"]
[White "Tomilova, Elena"]
[Black "Bodnaruk, Anastasia"]
[Result "0-1"]
[WhiteElo "2353"]
[BlackElo "2411"]
[Annotator "TA"]
[PlyCount "108"]
[EventDate "2020.09.07"]
[EventType "swiss"]
[EventCountry "RUS"]
[SourceTitle "playchess.com"]
[Source "ChessBase"]
[SourceQuality "1"]

{[%evp 15,108,18,18,0,6,-8,-26,-88,-105,-87,-100,-80,-77,-151,-136,-146,-97,-155,-77,-222,-212,-221,-214,-228,-229,-259,-261,-274,-260,-270,-136,-224,-227,-237,-235,-194,-17,-232,-57,-298,-195,-194,-205,-191,-195,-166,-186,-188,-130,-145,-129,-139,-134,-121,-113,-118,-120,-119,-85,-183,-142,-182,-173,-284,-268,-274,-268,-274,-256,-250,-259,-247,-210,-209,-206,-212,-208,-199,-213,-218,-210,-299,-283,-285,-291,-327,-314,-528,-528,-5510,-5591,-29994,-452,-29995,-29996]} 1. e4 c5 2. Nf3 d6 3. d4 cxd4 4. Nxd4 Nf6 5. Nc3 a6 6. g3 e5 7. Nb3 Be7 8. Bg2 O-O 9. a4 {B91: Sicilian Najdorf: 6 g3.} Bg4 10. Qd3 Nc6 {[#]} 11. O-O $146 (11. Be3 $11 {keeps the balance.}) ({Predecessor:} 11. Nd5 Rc8 12. Bd2 Nxd5 13. exd5 e4 14. Qxe4 Ne5 15. O-O Rc4 16. Qe3 Rxc2 17. Bc3 {1-0 (44) Atlas,V (2432)-Forster,R (2458) Switzerland 2017}) 11... Nb4 $17 12. Qd2 Rc8 13. a5 Qd7 14. Kh1 (14. Na4 $142 Nxc2 15. Nbc5 $1 {[%mdl 512]} dxc5 16. Qxc2) 14... Rfd8 15. f4 Bh3 16. Rd1 {[#]} (16. Qf2 $142) 16... Qg4 (16... d5 $142 $1 {[%mdl 512]} 17. exd5 (17. Nxd5 Nfxd5) 17... exf4 18. gxf4 h6) 17. Re1 (17. Bxh3 $17 {was worth a try.} Qxh3 18. Qe2) 17... exf4 $19 18. Nd4 fxg3 {aiming for ...d5.} 19. Nf5 Bf8 20. Re3 Nh5 21. Nxg3 Bxg2+ 22. Qxg2 {[#]} Nf4 (22... d5 $1 $19 {[%mdl 512] Hoping for ...d4.} 23. Nxh5 (23. Nxd5 Nxd5) 23... Qxh5 24. exd5 Rxc3 $1 {[%mdl 576] Remove Defender} 25. Rxc3 Qd1+ 26. Qg1 Qxd5+ 27. Qg2 Qd1+ 28. Qg1 Nxc2) 23. Qf2 (23. Qf1 $17 Nxc2 {[%mdl 64] Double Attack} 24. Nf5) 23... Nh3 24. Qg2 {[#]} d5 $1 {[%cal Rd5d4][%mdl 512]} 25. exd5 (25. Nxd5 Nxc2) 25... f5 $2 (25... Nf4 $19 26. Re4 Nxg2 27. Rxg4 Nxc2) 26. Re2 $2 (26. Rf3 $11 {and White has nothing to worry.}) 26... Bc5 $2 (26... f4 $1 $19 {[%cal Rf4f3]} 27. Nge4 Qf5) 27. Ra4 $2 ({Better is} 27. Bd2 $1 $15) 27... Re8 28. Nge4 {Strongly threatening Qxg4.} Qxg2+ 29. Kxg2 Ng1 (29... fxe4 30. Kxh3 e3 31. Bxe3 $11) 30. d6 Nxe2 (30... Rxe4 31. Nxe4 fxe4 32. d7 $16 (32. Rxe4 Bxd6 33. c3 Nd3 $14)) 31. d7 {[#]} fxe4 ({Much less strong is} 31... Nxc1 32. Nxc5 Nxc2 33. Nxb7 $17) ({Worse is} 31... Nxc2 32. Nxe2 fxe4 33. Rc4 $16) ({Black should try} 31... Nxc3 $1 $19 32. bxc3 Bf8) 32. Nxe2 $17 Rcd8 ({Inferior is} 32... Nxc2 33. Rc4 $16) 33. dxe8=Q+ Rxe8 34. Be3 Bd6 35. Bf4 Bf8 36. c3 Nd3 37. b4 (37. b3 $17 {keeps fighting.}) 37... Rc8 38. Kg3 Rc6 {White must now prevent ...Rg6+.} 39. h4 (39. Be3 $142) 39... Rg6+ $19 40. Kh3 Nxf4+ 41. Nxf4 {[%mdl 4096] Endgame [#] KRB-KRN} Rf6 $1 {[%cal Rf6f4]} 42. Nd5 Rf5 43. c4 {[#]} e3 $1 {[%mdl 512]} 44. Ra2 {[#]} (44. Nxe3 Rf3+) 44... Re5 $1 {...e2 is the strong threat.} 45. Re2 Re4 46. c5 Rd4 47. Nxe3 Rxb4 48. Nd5 (48. c6 $142 bxc6 49. Ng4) 48... Rb3+ 49. Kg4 Bxc5 50. Rc2 Bd6 51. Rf2 $2 (51. Rd2) 51... Rd3 52. Nb6 g6 {[%csl Gd6][%cal Rd3g3]} 53. Rg2 h5+ 54. Kg5 Kg7 {Accuracy: White = 44%, Black = 68%.} 0-1

[Event "Panchenko Memorial-B 2020"]
[Site "Chelyabinsk"]
[Date "2020.09.09"]
[Round "3.2"]
[White "Bivol, Alina"]
[Black "Voit, Daria"]
[Result "1-0"]
[WhiteElo "2386"]
[BlackElo "2343"]
[Annotator "TA"]
[PlyCount "105"]
[EventDate "2020.09.07"]
[EventType "swiss"]
[EventCountry "RUS"]
[SourceTitle "playchess.com"]
[Source "ChessBase"]
[SourceQuality "1"]

{[%evp 17,105,5,35,7,19,22,29,6,85,98,93,72,78,69,67,47,38,30,85,43,87,93,110,109,130,131,162,82,183,181,210,205,210,215,210,211,204,132,225,219,430,372,342,128,145,81,133,134,417,396,487,476,906,870,725,628,1220,1164,1178,1164,942,894,29986,29987,29990,29985,12842,633,612,616,610,608,540,531,714,0,0,0,0,0,12837,12835,12840,12841,12844,12843,12844,12844,12844,12845]} 1. d4 d5 2. c4 c6 3. Nc3 Nf6 4. Nf3 dxc4 5. a4 Bf5 6. e3 e6 7. Bxc4 Nbd7 8. O-O Bb4 9. Qb3 Qb6 10. h3 {D18: Slav Defence: 5 a4 Bf5 6 e3.} h6 11. e4 Bh7 {[#]} 12. d5 $146 {White has an edge.} ({Predecessor:} 12. e5 Nd5 13. Bxd5 exd5 14. Na2 Be7 15. Qe3 Nf8 16. b4 Ne6 17. Bd2 O-O 18. Bc3 {1-0 (46) Tonel,G (1967)-Rizzardi,F (2026) Fano 2012}) 12... Bxc3 (12... exd5 $11 {remains equal.} 13. exd5 Nc5 14. Re1+ Be4) 13. Qxc3 $16 (13. dxe6 $6 Qxb3 14. exd7+ (14. Bxb3 Nc5 $17) 14... Nxd7 $11) 13... exd5 14. exd5 O-O 15. Be3 c5 16. Rfd1 $36 {[%mdl 2048] White is pushing.} Ne4 17. Qa3 Nd6 (17... Qd6 $11) 18. Rac1 Rac8 19. Bf1 Be4 20. a5 Qd8 21. Nd2 $1 (21. Bxc5 $6 Nxc5 22. Rxc5 Rxc5 $11) 21... b6 {[#]} 22. Bxh6 $1 {[%mdl 512]} gxh6 (22... Qf6 $16) 23. Qg3+ $18 {[%mdl 64] Double Attack} Bg6 {And now ...Qf6 would win.} 24. Qxd6 Nf6 25. Qf4 Nxd5 26. Qxh6 {aiming for Nc4.} Qf6 27. Bc4 Rcd8 (27... Qf4 $16 {was necessary.} 28. Qxf4 Nxf4) 28. Nf3 Nf4 $2 (28... Bf5 29. Qxf6 Nxf6) 29. axb6 axb6 30. h4 $2 (30. Nh2 $18 {is more deadly.}) 30... Qf5 $16 31. Qg5 (31. Rxd8 $142 Rxd8 32. Kh2) 31... Rxd1+ (31... Qxg5 $142 32. Nxg5 Bd3) 32. Rxd1 Qc2 $2 {[%mdl 8192] [#]} (32... Kg7 $16 {was called for.}) 33. Bxf7+ $1 $18 {[%mdl 512]} Rxf7 34. Rd8+ $1 Kg7 ({Don't blunder} 34... Kh7 $2 35. Qe5) (34... Rf8 $142 35. Rxf8+ Kxf8 36. Qxf4+ Kg7 37. Qe5+ Kg8) 35. Qe5+ Rf6 36. Qe7+ $1 Rf7 37. Qe8 $1 {[%csl Gd8][%cal Re8h8]} Kh6 38. Qh8+ Bh7 {[#]} 39. Ne5 $1 ({Inferior is} 39. Rd6+ Ng6 $11) 39... Nh3+ 40. Kh2 Rxf2 41. Rd6+ Kh5 42. Qe8+ (42. Kxh3 $142 Rxg2 {[#]} 43. Ng4 $1 {[%mdl 512]} Rh2+ 44. Nxh2 Qb3+ 45. Kg2 Qc2+ 46. Kg1) 42... Kxh4 43. Rh6+ Kg5 44. Rh5+ Kf4 45. Rh4+ Kf5 46. Nf3 $2 (46. Kxh3 $18 Rxg2 47. Nf3 (47. Ng4 Rxg4 48. Rxg4 Kf6 $18) 47... Rh2+ 48. Nxh2 Qb3+ 49. Kg2 Qxb2+ 50. Kg3 Qb3+ 51. Nf3 Qg8+ 52. Qxg8 Bxg8 53. Rf4+ Kg6 54. Nh4+ Kh7 55. Kg4) 46... Rxf3 $1 $11 47. Qf7+ {[#]} Ke5 $1 48. Qxf3 {Hoping for Qg3+.} Ng5 $2 {[%mdl 8192]} (48... Bf5 $11) 49. Qf4+ $18 {[%mdl 64] Double Attack. White is clearly winning.} Kd5 50. Qxg5+ Bf5 51. Rh5 Ke5 52. Qe7+ Kd5 53. Qf6 {[%mdl 64] Double Attack. Accuracy: White = 68%, Black = 48%.} 1-0

[Event "Panchenko Memorial-B 2020"]
[Site "Chelyabinsk"]
[Date "2020.09.09"]
[Round "3.3"]
[White "Prudnikova, Svetlana"]
[Black "Guseva, Marina"]
[Result "1/2-1/2"]
[WhiteElo "2216"]
[BlackElo "2378"]
[Annotator "TA"]
[PlyCount "91"]
[EventDate "2020.09.07"]
[EventType "swiss"]
[EventCountry "RUS"]
[SourceTitle "playchess.com"]
[Source "ChessBase"]
[SourceQuality "1"]

{[%evp 10,91,11,0,8,0,0,0,0,-7,0,0,0,-4,17,16,16,17,27,29,30,22,18,25,34,16,31,15,16,0,0,0,0,-52,-52,-62,0,-40,-40,-55,-13,-40,-20,-40,-40,-57,-14,-40,0,0,0,0,0,0,0,0,0,0,0,0,0,0,0,0,0,0,0,0,0,0,0,0,0,0,0,0,0,0,0,0,14,14,14,14]} 1. Nf3 d5 2. d4 Nf6 3. c4 c6 4. Qc2 dxc4 5. Qxc4 Bg4 6. Nbd2 Nbd7 {D23: Queen's Gambit Accepted: 3 Nf3 Nf6 sidelines.} 7. Qb3 Qb6 8. Nc4 Qxb3 9. axb3 Bxf3 10. gxf3 e6 {[#]} 11. Bd2 $146 ({Predecessor:} 11. Bg2 Bb4+ 12. Bd2 Bxd2+ 13. Kxd2 Ke7 14. f4 Nd5 15. e3 c5 16. dxc5 Nxc5 17. Ra3 {½-½ (41) Van Beek,A (2255)-L'Ami,E (2516) Hoogeveen 2004}) 11... Nh5 12. f4 Be7 13. Bg2 a6 14. e3 f5 15. Ne5 Nhf6 16. Nd3 Nd5 17. Ke2 Kf7 18. b4 Rab8 19. Bf3 Bh4 20. Rhg1 (20. Nc5 {is interesting.} N7f6 21. Rhg1 g6 22. Kf1 Ne8 23. Bd1) 20... g6 21. Bxd5 ({White should play} 21. Nc5 $11 Rhd8 22. Rgc1) 21... exd5 $15 22. Ne5+ Ke7 (22... Ke6 $15) 23. f3 (23. Nf3 $5 {[%cal Rf3h4]} Bf6 24. Ne5 $11) 23... Bf6 24. Kd3 Rbc8 25. Rae1 Rhg8 26. Rg2 Bh4 27. Reg1 Nf8 28. Be1 Bf6 29. h4 {The position is equal.} Ne6 30. h5 {[%cal Rh5g6]} Bxe5 31. fxe5 {[%cal Rh5g6]} Kf7 $1 32. hxg6+ Rxg6 33. Rxg6 hxg6 $11 {[%mdl 4096] Endgame KRB-KRN} 34. Rh1 Kg7 35. f4 Rh8 36. Rxh8 Kxh8 {KB-KN} 37. Bh4 Kg7 38. Bg5 Kf7 39. Kc3 Ke8 40. Bh4 Kd7 41. Kb3 Kc7 42. Be7 Kd7 43. Bh4 b6 44. Bf6 b5 45. Bh4 Ke8 46. Kc3 {Accuracy: White = 89%, Black = 89%.} 1/2-1/2

[Event "Panchenko Memorial-B 2020"]
[Site "Chelyabinsk"]
[Date "2020.09.09"]
[Round "3.4"]
[White "Garifullina, Leya"]
[Black "Smirnova, Ekaterina"]
[Result "1/2-1/2"]
[WhiteElo "2357"]
[BlackElo "2278"]
[Annotator "TA"]
[PlyCount "110"]
[EventDate "2020.09.07"]
[EventType "swiss"]
[EventCountry "RUS"]
[SourceTitle "playchess.com"]
[Source "ChessBase"]
[SourceQuality "1"]

{[%evp 12,110,46,34,56,38,63,65,102,98,98,101,102,98,93,54,118,115,133,111,131,79,82,75,93,68,57,54,81,84,91,68,97,97,98,99,87,100,95,79,93,77,67,79,58,56,67,70,158,102,151,65,54,0,0,0,162,166,154,122,214,174,174,174,174,147,133,0,0,-161,-143,-158,-149,-115,-118,-156,-42,-50,-10,-43,-41,-266,-27,-511,-148,-166,-183,-305,-298,-283,-17,-123,0,0,0,0,0,0,0,0,0]} 1. e4 e6 2. d4 d5 3. Nc3 Bb4 4. e5 b6 5. a3 Bf8 6. Bb5+ c6 7. Ba4 Ne7 {C16: French: 3 Nc3 Bb4 4 e5: Lines without ...c5.} 8. Nf3 Ba6 {is the legacy move (8...a5).} 9. Ne2 {[%cal Bc3e2,Be2g3,Bg3h5][%mdl 32]} Bb5 {White is slightly better.} 10. Bxb5 cxb5 11. Ng3 Qd7 12. O-O Nbc6 {[#]} 13. Qe2 $146 ({Predecessor:} 13. Qd3 h6 14. Nh5 Na5 15. b3 Nec6 16. Bd2 a6 17. Rfc1 Qb7 18. Be3 g6 19. Nf6+ {1-0 (38) Almasi,Z (2633)-Curien,N (2232) Geneve 2004}) 13... Ng6 (13... h5 $14) 14. Nh5 $1 $16 ({Much weaker is} 14. Qxb5 $6 Ncxe5 15. Qxd7+ Nxd7 $11) 14... h6 15. Be3 (15. Qxb5 $6 Ncxe5 16. Qxd7+ Nxd7 $11) 15... Nge7 16. Nh4 (16. Qxb5 $6 Nxe5 17. Qe2 Nxf3+ 18. Qxf3 Nf5 $14) (16. Bd2 $142) 16... Ng8 17. Rfe1 (17. h3 {is interesting.} g6 18. Ng3 Nge7 19. Qd2 Bg7 20. b3) 17... g6 18. Nf6+ Nxf6 19. exf6 Na5 20. b3 Bd6 21. Nf3 O-O-O 22. Bd2 Kb7 23. Bxa5 bxa5 24. c4 a6 25. cxd5 exd5 26. Qd2 Kb6 27. Ne5 Bxe5 28. dxe5 d4 $1 29. Rac1 Rc8 (29... g5 $14) 30. Rcd1 (30. e6 $142 fxe6 31. Rxc8 Rxc8 32. Qxh6) 30... Rcd8 31. h3 (31. Re4 $16) 31... Qd5 $14 32. Qf4 ({White should try} 32. Qd3 $14) 32... Rhe8 $11 33. Rd3 h5 $2 (33... g5 $11 34. Qg3 Qc5) 34. Re4 $18 {[%cal Re4d4]} Qc5 35. h4 Qxa3 (35... Re6 $16) 36. Rexd4 Rxd4 37. Qxd4+ $16 {[%mdl 4096] Endgame KQR-KQR} ({Much less strong is} 37. Rxd4 $6 Qc5 $14) 37... Qc5 {White should prevent ...Qxd4.} 38. Qd7 $1 {[%csl LRe8,LRf7][%mdl 64] Rd6+ would kill now. Double Attack} Re6 39. Rd1 ({Much worse is} 39. Qxf7 $6 Qc1+ 40. Kh2 Qf4+ 41. Kg1 Qxe5 $11) (39. Rd5 $1 $16 {[%cal Rd5c5]} Qc1+ 40. Rd1) 39... Qxe5 $11 40. Rc1 $2 (40. Qxf7 $11 {and White is okay.} Qxf6 41. Qd7) 40... Qd6 $19 41. Qxf7 Rxf6 42. Qe8 Re6 43. Qg8 Re7 (43... Re5 $17 44. g3 Rd5) 44. g3 $15 Re2 45. Qc8 Rd2 46. Rc3 $2 ({Only move:} 46. Qe8 $1 $15) 46... Rd3 $2 (46... Rd1+ $19 47. Kh2 Rd4) 47. Rc2 $2 {[%mdl 8192]} (47. Rxd3 $11 {and White stays safe.} Qxd3 48. Qf8) 47... Rd1+ $2 (47... Rxb3 $19 {and Black stays clearly on top.} 48. Kh2 Rb4) 48. Kh2 $17 Rd2 $1 49. Qc3 (49. Rxd2 $142 Qxd2 50. Kg1) 49... Rxc2 $1 $19 50. Qxc2 {[#] KQ-KQ} Qc6 $2 ({Better is} 50... a4 $1 $19 {[%mdl 512] And now ...axb3 would win.} 51. bxa4 b4) 51. Qd3 (51. Qb2 $11 {keeps the balance.}) 51... b4 (51... Qf6 $17 52. Qe3+ Kc6) 52. Qe3+ $11 {The position is equal.} Qc5 {...Qxe3 is the strong threat.} 53. Qe6+ Qc6 54. Qe3+ Kb7 55. Qe7+ Kb6 {Accuracy: White = 59%, Black = 53%.} 1/2-1/2

[Event "Panchenko Memorial-B 2020"]
[Site "Chelyabinsk"]
[Date "2020.09.09"]
[Round "3.5"]
[White "Kovanova, Baira"]
[Black "Kochukova, Anna"]
[Result "1-0"]
[WhiteElo "2343"]
[BlackElo "2082"]
[Annotator "TA"]
[PlyCount "83"]
[EventDate "2020.09.07"]
[EventType "swiss"]
[EventCountry "RUS"]
[SourceTitle "playchess.com"]
[Source "ChessBase"]
[SourceQuality "1"]

{[%evp 16,83,29,16,31,24,28,33,30,23,44,43,57,15,72,16,56,45,49,45,49,48,52,44,66,69,86,38,80,80,111,110,120,115,229,163,157,119,170,152,226,200,196,204,227,184,184,179,183,180,182,185,238,252,300,296,253,209,223,177,187,0,227,189,537,530,1085,1034,29995,29996]} 1. e4 c5 2. Nf3 Nc6 3. d3 g6 4. g3 Bg7 5. Bg2 d6 6. O-O e6 7. c3 Nge7 8. Re1 {8.d4 is the modern continuation.} O-O 9. Na3 a6 {A04: Unusual lines after 1 Nf3 and King's Indian Attack.} 10. d4 cxd4 11. cxd4 d5 {White is slightly better.} 12. e5 Qb6 13. Nc2 {[#]} Bd7 $146 ({Predecessor:} 13... f6 14. b3 fxe5 15. dxe5 Nf5 16. Bf4 h6 17. h4 Bd7 18. Qd2 Rf7 19. g4 Nxh4 20. Nxh4 Rxf4 21. Qxf4 {1-0 (27) Maes,W (2287)-Maraite,G (1775) Charleroi 2006}) 14. b3 a5 (14... Rfc8 $11 {keeps the balance.}) 15. Ne3 (15. Bg5 $16) 15... Nf5 16. Nxf5 exf5 17. a3 a4 18. b4 Na7 19. Bb2 Bh6 20. Nd2 Be6 21. Rc1 Rfc8 22. Rc5 Qd8 23. Nb1 Bf8 24. Nc3 {[%cal Rc3d5]} b6 (24... Bxc5 $16 25. dxc5 Rc7) 25. Rxc8 Nxc8 26. Nxa4 b5 (26... f4 $16 27. Nc3 (27. gxf4 Ne7 $16) 27... fxg3) 27. Nc3 $18 Qd7 (27... Nb6 $16 28. Nxb5 Nc4) 28. Qd3 Rb8 29. Bf1 Na7 30. f4 Be7 31. Ra1 Rb7 32. a4 bxa4 33. b5 ({Resist} 33. Rxa4 $6 Bxb4 34. Qd1 Kg7 $16) ({But not} 33. Nxa4 $6 Rxb4 34. Qc2 Nc6 $14) 33... Bb4 (33... Kg7 {might work better.} 34. Ba3 (34. Rxa4 Nc8 $16) 34... Bxa3) 34. Rxa4 Bxc3 35. Qxc3 ({Not} 35. Bxc3 Nxb5 36. Bd2 (36. Ra8+ Kg7 $16) 36... Qc8 $16) 35... Qe8 36. Qc5 Qb8 37. Rb4 Nc8 {next ...Rc7 is good for Black.} 38. Ra4 Na7 $1 39. Ba3 $36 {[%mdl 2048] Hoping for b6! Black is under strong pressure.} Nxb5 $2 (39... Bd7 40. Qxd5 Nxb5) 40. Bxb5 Rxb5 {[#]} 41. Qxb5 $1 {[%mdl 512]} Qxb5 42. Ra8+ {Accuracy: White = 77%, Black = 57%.} 1-0